Estudio de la repartición de velocidades en una sección control mediante el uso de un anemómetro de hilo-caliente
Uloženo v:
| Hlavní autoři: | , |
|---|---|
| Médium: | Kniha |
| Jazyk: | španělština |
| Vydáno: |
Santiago
Universidad Católica de Chile
1971
|
| Témata: | |
| Tagy: |
Přidat tag
Žádné tagy, Buďte první, kdo vytvoří štítek k tomuto záznamu!
|
MARC
| LEADER | 00000nam a2200000 a 4500 | ||
|---|---|---|---|
| 001 | UCU3773 | ||
| 003 | CL-VaPUC | ||
| 008 | 960510e19710000CL |||||||||||||||||spa|d | ||
| 082 | 0 | 4 | |a 621.2 |b CAS |2 21 |
| 100 | 0 | |a Castañer V., Pedro |e author |9 360891 | |
| 700 | 0 | |a Mackenna I., Juan |e author |9 360892 | |
| 245 | 1 | 0 | |a Estudio de la repartición de velocidades en una sección control mediante el uso de un anemómetro de hilo-caliente |
| 300 | |a 51 p | ||
| 942 | |c BK | ||
| 945 | |d 19960510 00:00:00 |a paguirre | ||
| 260 | |a Santiago |b Universidad Católica de Chile |c 1971 | ||
| 650 | 7 | |a INGENERIA |2 CL-VaPUC |9 360872 | |
| 650 | 0 | |a Hidráulica |9 260193 | |
| 650 | 0 | |a Mecánica de fluidos |9 259464 | |
| 650 | 7 | |a FLUIDOS HIDRAULICOS |2 CL-VaPUC |9 351466 | |
| 650 | 0 | |a Velocidad |9 311814 | |
| 650 | 7 | |a CORRIENTE DE FLUIDOS |2 CL-VaPUC |9 360034 | |
| 583 | |a last modification |c 19960510 00:00:00 |k Rodrigo Vera | ||
| 999 | |c 247663 |d 247661 | ||